000 00427cam a2200181 4500
001 D6064
008 090401t1974 xxu||||| |||| 00| 0 eng d
035 _a(Sirsi) u83929
041 _aeng
050 _a526.902469
100 _aIrvine, William Hyslop
245 _aSurveying for construction.
260 _aLondon
_bMcGraw-Hill
_c1974
300 _avii. 229p. 28cm
350 _a2.35
942 _n0
948 _c04/03/1997
999 _c96916
_d96916